Reálna hodnota v zákone o účtovníctve od 1.10.2018

Charakteristika jednej formy reálnej hodnoty - trhovej ceny definovaniej v zákone o účtovníctve, a to na účely ocenenia majetku a záväzkov okrem virtuálnej meny a na účely ocenenia virtuálnej meny.

Na minha lista:
Detalhes bibliográficos
Autor principal: Šlosárová, Anna
Formato: Capítulo de Livro
Idioma:eslovaco
Assuntos:
Tags: Adicionar Tag
Sem tags, seja o primeiro a adicionar uma tag!

MARC

LEADER 00000naa a2200000 4500
001 0250899
005 20240502074025.2
041 0 |a slo 
044 |a SK 
245 1 0 |a Reálna hodnota v zákone o účtovníctve od 1.10.2018  |c Anna Šlosárová 
520 |a Charakteristika jednej formy reálnej hodnoty - trhovej ceny definovaniej v zákone o účtovníctve, a to na účely ocenenia majetku a záväzkov okrem virtuálnej meny a na účely ocenenia virtuálnej meny. 
610 2 0 |a hodnota reálna 
610 2 0 |a pravidlá účtovné 
610 2 0 |a ceny trhové 
610 2 0 |a mena virtuálna 
610 2 0 |a oceňovanie transferové 
610 2 0 |a závierka účtovná 
100 1 |a Šlosárová, Anna